Addressing Some Problems of Integration of Migrants in the Slovak Labor Market

Súčasná situácia migrantských pracovníkov na Slovensku z viacerých hľadísk: vývoja migrácie pracovníkov, integrácie migrantov na slovenskom pracovnom trhu, možností zamestnania, kvalifikačnej štruktúry a povahy ponúkaných pracovných miest - v kontexte opatrení integračnej politiky Slovenskej republi...

Full description

Saved in:
Bibliographic Details
Main Author: Přívara, Andrej, 1983-
Other Authors: Přívarová, Magdaléna, 1955-
Format: Book Chapter
Language:English
Subjects:
Tags: Add Tag
No Tags, Be the first to tag this record!

MARC

LEADER 00000naa$a2200000$$$4500
001 0248833
005 20240502083707.6
041 0 |a eng 
044 |a BG 
245 1 0 |a Addressing Some Problems of Integration of Migrants in the Slovak Labor Market  |c Andrej Přívara, Magdaléna Přívarová 
520 |a Súčasná situácia migrantských pracovníkov na Slovensku z viacerých hľadísk: vývoja migrácie pracovníkov, integrácie migrantov na slovenskom pracovnom trhu, možností zamestnania, kvalifikačnej štruktúry a povahy ponúkaných pracovných miest - v kontexte opatrení integračnej politiky Slovenskej republiky, ktorá bola schálená slovenskou vládou v januári 2014. 
610 2 0 |a trh práce 
610 2 0 |a migrácia 
610 2 0 |a pracovníci zahraniční 
610 2 0 |a integrácia sociálna 
610 2 0 |a politika migračná 
610 2 0 |a legislatíva 
100 1 |a Přívara, Andrej, 1983- 
700 1 |a Přívarová, Magdaléna, 1955-